| 000 | 01252nam a2200325 a 4500 | ||
|---|---|---|---|
| 001 | 000017784 | ||
| 003 | DO-SdBNP | ||
| 005 | 20250912115310.0 | ||
| 007 | 000017784 | ||
| 008 | 100405s1997 dr 001 0 spa d | ||
| 020 | _a8489525544 | ||
| 040 |
_aBPMSU _bspa _cBPMSU |
||
| 082 | 4 |
_a320.51 _bS255u 1997 _222 |
|
| 100 | 1 |
_aSang Ben, Mu-kien Adriana, _d1955- |
|
| 245 | 1 | 0 |
_aUna utopía inconclusa : _bEspaillat y el liberalismo dominicano del siglo XIX / _cMu-kien Adriana Sang ; prólogo Wenceslao Vega B. |
| 260 |
_aSanto Domingo : _bINTEC, _c1997. |
||
| 300 |
_a479 p. ; _c23 cm. |
||
| 500 | _aIncluye índice | ||
| 500 | _aIncluye datos biográficos de la autora en las solapas | ||
| 504 | _aIncluye referencias bibliográficas y notas al pie de las páginas | ||
| 504 | _aBibliografía : p. 443-460 | ||
| 600 | 1 | 4 |
_aEspaillat Quiñones, Ulises Francisco _d1823-1878 |
| 650 | 4 |
_aLiberalismo _zRepública Dominicana _xHistoria _ySiglo XIX |
|
| 650 | 4 |
_aIdeologías políticas _xHistoria y critica |
|
| 651 | 4 |
_aRepública Dominicana _xPolítica y gobierno _y1844-1930 |
|
| 700 | 1 | 2 |
_aVega B., Wenceslao, _epról. |
| 710 | 2 | _aInstituto Tecnológico de Santo Domingo | |
| 910 | _aVMateo V./Validado. Control de calidad MFF | ||
| 942 |
_2ddc _cBK |
||
| 999 |
_c7850 _d7850 |
||